000 00452nam a2200157Ia 4500
008 230917s9999||||xx |||||||||||||| ||und||
020 _cRS0.35
040 _e30869
_aMAIN
041 _aEnglish
082 _a954.029 S83E
100 _aSatish Chandra
245 0 _aEighteenth-century in India: Its economy and the role of the Marathas, the Jats, the Sikhs and the Afghans
260 _aCalcutta
_bK P Bagchi
_c1991
300 _a68 p.
942 _cBK
999 _c104385
_d104385